000 00704nas a2200229 4500
001 BR8102309
003 BR-BrBNA
005 20231205084647.0
007 ta
008 230509b bl.|||p| |||| 00| 00por d
040 _aBR-BrBNA
_bpor
_cBiblioteca Nacional de Agricultura
041 _a(Pt)
072 _aL30
100 1 _aCampos, J.
245 1 _aRacao molhada x racao seca para vacas leiteiras
650 _aNutricao animal
650 _aRacao
650 _aVaca leiteira
773 0 _tInforme Agropecuario - Empresa de Pesquisa Agropecuaria de Minas Gerais (Brazil)
_xISSN 0100-3364
_g(Jun 1981), v. 7(78) p. 57
_wBR8102309
909 _a202311
_bLúcia
_c55
_dLúcia Elande
942 _2AGRIS
_n0
_cANA
999 _c106524
_d106524